নাট্যব্যক্তিত্ব বাদল সরকার / (Record no. 2690)

MARC details
000 -LEADER
fixed length control field 01004nam a2200217 a 4500
003 - CONTROL NUMBER IDENTIFIER
control field BD-DhJNU
005 - DATE AND TIME OF LATEST TRANSACTION
control field 20260419060801.0
008 - FIXED-LENGTH DATA ELEMENTS--GENERAL INFORMATION
fixed length control field 260508s2016 bg |||g |||| 000 1|ben|d
040 ## - CATALOGING SOURCE
Original cataloging agency BD-DhJNU
Language of cataloging ben
Transcribing agency BD-DhJNU
Modifying agency BD-DhJNU
041 ## - LANGUAGE CODE
Language code of text/sound track or separate title ben
082 ## - DEWEY DECIMAL CLASSIFICATION NUMBER
Classification number 792.092 CON
Edition number 23
100 ## - MAIN ENTRY--PERSONAL NAME
Personal name চৌধুরী, দর্শন
245 10 - TITLE STATEMENT
Title নাট্যব্যক্তিত্ব বাদল সরকার /
Statement of responsibility, etc. দর্শন চৌধুরী
246 ## - VARYING FORM OF TITLE
Title proper/short title Natyabyaktitya Badal Sarkar
250 ## - EDITION STATEMENT
Edition statement 3rd ed.
260 ## - PUBLICATION, DISTRIBUTION, ETC.
Place of publication, distribution, etc. কলকাতা :
Name of publisher, distributor, etc. একুশ শতক,
Date of publication, distribution, etc. 2016.
300 ## - PHYSICAL DESCRIPTION
Extent ৪২৪ পৃ. :
Other physical details চিত্র ;
Dimensions ২২ সেমি.।
504 ## - BIBLIOGRAPHY, ETC. NOTE
Bibliography, etc. note গ্রন্থপঞ্জিগত নির্দেশিকা ও নিঘন্ট অন্তভূক্ত
650 ## - SUBJECT ADDED ENTRY--TOPICAL TERM
Topical term or geographic name entry element নাট্য নির্দেশক ও ব্যক্তিত্ব -- ভারত -- জীবনী
650 ## - SUBJECT ADDED ENTRY--TOPICAL TERM
Topical term or geographic name entry element Theatrical producers and directors -- India -- Biography
Holdings
Withdrawn status Lost status Source of classification or shelving scheme Damaged status Not for loan Collection Home library Current library Shelving location Date acquired Source of acquisition Total checkouts Full call number Barcode Date last seen Copy number Price effective from Koha item type
    Dewey Decimal Classification     Non-fiction Jagannath University Central Library Jagannath University Central Library General stacks 04/19/2026 Purchased   792.092 CON JNUCL34389 04/19/2026 1 04/19/2026 Books